Statistics for The Bill Clinton Presidency

Click here to take the quiz!

General Stats

  • This quiz has been taken 19,169 times
    (19,160 since last reset)
  • The average score is 14 of 24

Answer Stats

Hint Answer % Correct
White House intern he
had an affair with
Monica Lewinsky
88%
His Vice PresidentAl Gore
87%
State of birthArkansas
86%
Fill-in-the-blankI did not have sexual relations with {that} {woman}
85%
Daughter's first nameChelsea
84%
1992 election opponentsGeorge Bush
84%
Musical instrument he playsSaxophone
83%
Policy allowing gays to
secretly serve in the military
Don't Ask,
Don't Tell
76%
Universities he attendedYale
70%
Fill-in-the-blank(about marijuana) I didn't {inhale}
69%
His middle nameJefferson
62%
Free trade agreement signed in 1994NAFTA
61%
Only other Presidents to be impeached
(name either)
Andrew Johnson /
Donald Trump
60%
1996 election opponentBob Dole
53%
Republican Speaker
of the House (1995-99)
Newt Gingrich
52%
Fill-in-the-blankDon't stop thinking about {tomorrow}
(campaign theme song)
51%
1992 election opponentsRoss Perot
49%
Fill-in-the-blankIt's the {economy}, stupid
44%
Universities he attendedOxford
37%
Federal Reserve chairmanAlan Greenspan
36%
Nickname (5 letters long)Bubba
35%
Cat's nameSocks
32%
Universities he attendedGeorgetown
16%
Dog's nameBuddy
14%

Score Distribution

Percentile by Number Answered

Percent of People with Each Score

Your Score History

You have not taken this quiz since the last reset